00928nam a2200193 a 450000100100000000500170001000800410002702000180006804000250008610000500011124500820016126000740024330000200031750000530033795201110039095201050050195201110060699900170071700004380020201002044956.0140501s2014 dr 000 0 spa d a9789945009880 aDO-SdBNPbspacBNPHU1 aVilstle Vilss, Hidoumouchtte Jouffourv97163810aJuliana y otros poemas...2000-2007. /cHidoumouchtte Jouffourv Vilstle Vilss. aMonseñor Nouel, Bonao, Rep. Dom., :bFull color econocopias,c2014. a38 p. ;c21 cm. aIncluye datos biografícos en la contraportada. 0010718DSaGRbGRcCTd2014-05-01iLF1l0o p43800-30r2020-06-25te. 3w2020-06-25yLFDSZNo se presta 0010718PDaPDbPDcCTd2014-05-01iLF1l0o p43800-10r2020-06-25w2020-06-25yLFPDZNo se presta 0010718PDaPDbPDcCTd2014-05-01iLF1l0o p43800-20r2020-06-25te. 2w2020-06-25yLFPDZNo se presta c43289d43289